Normal view
MARC view
Entry Topical Term
001 - CONTROL NUMBER
- control field: 248699
003 - CONTROL NUMBER IDENTIFIER
- control field: OSt
005 - DATE AND TIME OF LATEST TRANSACTION
- control field: 20251210155641.0
008 - FIXED-LENGTH DATA ELEMENTS
- fixed length control field: 251210|| aca||aabn | a|a d
040 ## - CATALOGING SOURCE
- Original cataloging agency: OSt
- Transcribing agency: OSt
150 ## - HEADING--TOPICAL TERM
- Topical term or geographic name entry element: Visual Basic
670 ## - SOURCE DATA FOUND
- Source citation: Work cat.: (OSt)183239: Harrington, John. 248698, Visual basic 5 interactive course., 1998